Liedtext - Wissen schützt vor Dummheit nicht - Alligatoah - Statistiken

Allgemein
  • Dieses Quiz wurde 14 mal gespielt
  • Das Durchschnittsergebnis liegt bei 113 aus 155
Antwortstatistiken
Antwort % Korrekt
Er
100%
er
100%
sein
100%
Sein
100%
Sie
100%
sie
100%
da
89%
Den
89%
der
89%
die
89%
Die
89%
Dummheit
89%
ein
89%
im
89%
in
89%
nicht
89%
schützt
89%
um
89%
und
89%
vor
89%
war
89%
Wissen
89%
Als
78%
am
78%
auf
78%
das
78%
Das
78%
dass
78%
dem
78%
Doch
78%
einer
78%
hat
78%
hatte
78%
Lateinunterricht
78%
macht
78%
mit
78%
nach
78%
sah
78%
aus
67%
einem
67%
Lächeln
67%
Machtergreifung,
67%
munter
67%
nur
67%
runder
67%
seinen
67%
Tisch
67%
vom
67%
ward
67%
waren
67%
Weltbild,
67%
zum
67%
druckten
56%
Fisch
56%
Griff
56%
Hundeblick
56%
Meeresgrund
56%
Neigung
56%
Nun
56%
Reifen
56%
reißen
56%
Seit
56%
Seiten
56%
Seitensprung
56%
sich
56%
statt
56%
teilte,
56%
Verzeihung
56%
wusste,
56%
Zeitungsbericht
56%
zerbricht
56%
15
44%
bunt
44%
erst
44%
fleht
44%
geistigen
44%
gemischt
44%
Heirat
44%
kannte
44%
Kreisen,
44%
Kunststoffschicht
44%
Lungenriss
44%
Punkte
44%
Raucherketten
44%
Schnitt
44%
schrieb's
44%
singt
44%
Verzicht
44%
zieht
44%
gereicht
33%
geswitcht
33%
ihm
33%
Licht
33%
Neuestem
33%
Röntgenbilder
33%
stumm
33%
unterm
33%
Warnung
33%
fand
22%
zeigten
22%
Keine übereinstimmenden Quizze gefunden
Verteilung der Resultate
Anzahl Personen mit jedem Resultat
Perzentil nach korrekt beantworteten Fragen
Ihre Resultats-Entwicklung
Sie haben dieses Quiz noch nicht gespielt